000
00246nam a2200097 a 4500
005
20200930070454.0
008
110907s1896 000 spa d
245
0
_a
Mémoire de la République D' Haiti.
260
_a
París,
_c
1896.
999
_c
33216
_d
33216
040
_a
DO-SdBNP